[Event "V Trofeo Giovanni Pico"]
[Site "Mirandola ITA"]
[Date "2012.01.15"]
[Round "4"]
[White "Fragni, Enrico"]
[Black "Marani, Luca"]
[Result "1-0"]
[WhiteElo "1667"]
[BlackElo "1835"]
[PlyCount "73"]
[EventDate "2012.01.13"]

1. g3 e5 2. Bg2 d5 3. c4 c6 4. e3 d4 5. d3 Bc5 6. Nf3 dxe3 7. Bxe3 Bxe3 8. fxe3
Bf5 9. d4 exd4 10. exd4 Nf6 11. O-O O-O 12. Nc3 Nbd7 13. Qd2 Nb6 14. b3 Qc8 15.
Qg5 Bh3 16. Ne5 Bxg2 17. Kxg2 h6 18. Qh4 Nbd7 19. Rf5 Nxe5 20. Rxe5 Qd7 21. Rf1
Rae8 22. Ref5 Re3 23. Rxf6 gxf6 24. Ne4 Qe6 25. Nxf6+ Kg7 26. Nh5+ Kh8 27. Nf6
Re2+ 28. Kh1 Qe3 29. Qh5 Re1 30. Qf5 Rxf1+ 31. Qxf1 Qg5 32. h4 Qxg3 33. Qf5 Qg6
34. Qf4 Rd8 35. Qe5 Qg7 36. Qe7 Rf8 37. Nh5 1-0

[Event "V Trofeo Giovanni Pico"]
[Site "Mirandola ITA"]
[Date "2012.01.15"]
[Round "4"]
[White "Gerace, Agostino"]
[Black "Simonini, Mattia"]
[Result "0-1"]
[WhiteElo "1550"]
[BlackElo "1759"]
[PlyCount "68"]
[EventDate "2012.01.13"]

1. e4 c6 2. Nc3 d5 3. exd5 cxd5 4. d4 Nf6 5. Nf3 Bf5 6. Nh4 Bg4 7. Be2 Bxe2 8.
Qxe2 Nc6 9. Be3 e6 10. O-O a6 11. a3 Bd6 12. f4 Ne4 13. Nxe4 dxe4 14. g3 f5 15.
c4 O-O 16. c5 Be7 17. Ng2 Nxd4 18. Bxd4 Qxd4+ 19. Kh1 Qxc5 20. Rac1 Qb6 21.
Rfd1 Rfd8 22. b4 Rxd1+ 23. Rxd1 Rd8 24. Rxd8+ Qxd8 25. h4 Qd3 26. Qh5 g6 27.
Qh6 Qxg3 28. h5 Qh3+ 29. Kg1 Qxh5 30. Qxh5 gxh5 31. Ne1 a5 32. Nc2 axb4 33.
axb4 Bd6 34. Nd4 Kf7 0-1

[Event "V Trofeo Giovanni Pico"]
[Site "Mirandola ITA"]
[Date "2012.01.15"]
[Round "4"]
[White "Gualtieri, Primo"]
[Black "Guandalini, Sergio"]
[Result "0-1"]
[WhiteElo "1629"]
[BlackElo "1649"]
[PlyCount "102"]
[EventDate "2012.01.13"]

1. d4 d5 2. Nf3 Nf6 3. Bf4 e6 4. e3 c5 5. Nbd2 a6 6. c3 Nc6 7. Bd3 b5 8. Ne5
Nxe5 9. Bxe5 Bd6 10. Nf3 Bxe5 11. Nxe5 c4 12. Bc2 Nd7 13. O-O Nxe5 14. dxe5 O-O
15. f4 f5 16. g4 g6 17. gxf5 exf5 18. Kh1 Be6 19. Qd4 Qc7 20. Rg1 Rab8 21. Bd1
b4 22. Bh5 Kf7 23. Bf3 Rfd8 24. Rab1 Qb6 25. Rgd1 Qxd4 26. exd4 Rd7 27. Rdc1
Rdb7 28. cxb4 Rxb4 29. Rc2 Ke7 30. Be2 a5 31. b3 a4 32. Rbc1 axb3 33. axb3 Rxb3
34. Kg1 Rb1 35. Kf1 Bd7 36. Ke1 Ba4 37. Rc3 R8b3 38. Rxb1 Rxb1+ 39. Kd2 Rh1 40.
Bxc4 Rxh2+ 41. Kc1 dxc4 42. Rxc4 Bd7 43. d5 Ra2 44. Rc7 Ra5 45. d6+ Ke6 46. Kd2
h6 47. Ke3 Ra3+ 48. Kf2 g5 49. fxg5 hxg5 50. Rb7 g4 51. Kg2 f4 0-1

[Event "V Trofeo Giovanni Pico"]
[Site "Mirandola ITA"]
[Date "2012.01.15"]
[Round "4"]
[White "Gurschler, Gregor"]
[Black "Mantovani, Enrico"]
[Result "1-0"]
[WhiteElo "1937"]
[BlackElo "1810"]
[PlyCount "61"]
[EventDate "2012.01.13"]

1. Nf3 Nf6 2. g3 c6 3. Bg2 d5 4. c3 Bg4 5. d3 e6 6. Nbd2 Bd6 7. O-O Qc7 8. Qc2
Nbd7 9. e4 O-O 10. Re1 Rae8 11. Nf1 e5 12. Ne3 Bxf3 13. Bxf3 Nb6 14. Nf5 Nfd7
15. a4 a5 16. Qd2 f6 17. b4 Ra8 18. bxa5 Rxa5 19. c4 Rfa8 20. exd5 cxd5 21.
cxd5 Nxd5 22. Ba3 Bxa3 23. Rxa3 N7b6 24. Rc1 Qd7 25. Bg4 Qe8 26. Bf3 Rxa4 27.
Rxa4 Qxa4 28. Qb2 Rd8 29. Bxd5+ Nxd5 30. Qxb7 Qd7 31. Rc8 1-0

[Event "V Trofeo Giovanni Pico"]
[Site "Mirandola ITA"]
[Date "2012.01.15"]
[Round "4"]
[White "Malago', Federico"]
[Black "Gilevych, Artem"]
[Result "0-1"]
[WhiteElo "1877"]
[BlackElo "2279"]
[PlyCount "144"]
[EventDate "2012.01.13"]

1. e4 Nc6 2. Nf3 e6 3. d4 d5 4. exd5 exd5 5. c3 Bd6 6. Bd3 Nge7 7. O-O Bg4 8.
Re1 Qd7 9. b4 O-O-O 10. a4 Rde8 11. Nbd2 Ng6 12. Rxe8+ Rxe8 13. Bxg6 hxg6 14.
Nf1 Rh8 15. Ng3 f5 16. Qd3 f4 17. Nf1 Bf5 18. Qb5 Be4 19. Ng5 Bxg2 20. Qe2 Re8
21. Qd1 Bxf1 22. Kxf1 Qf5 23. h4 Rh8 24. Nf3 Qh3+ 25. Ke2 Re8+ 26. Kd2 Qg2 27.
Kc2 Qxf2+ 28. Kb1 Qg2 29. Ra2 Qg4 30. Re2 Qf5+ 31. Ka2 Rxe2+ 32. Qxe2 Qe4 33.
Qd1 Ne7 34. Ng5 Qf5 35. Nf3 c6 36. Kb2 Qf6 37. Qe2 Kd7 38. Ng5 Qf5 39. b5 b6
40. Qf3 cxb5 41. axb5 Ng8 42. c4 Nf6 43. cxd5 Qxd5 44. Qd3 Kc7 45. Bd2 Kb8 46.
Bc3 Qg2+ 47. Kb3 Qd5+ 48. Kb2 Be7 49. Qf1 Qd6 50. Qc4 Nd5 51. Bd2 Bxg5 52. hxg5
f3 53. Qb3 Qd7 54. Qxf3 Qxb5+ 55. Ka3 Qd7 56. Qf8+ Kb7 57. Qf3 a5 58. Qe4 Qe7+
59. Qxe7+ Nxe7 60. Bf4 Kc6 61. Be5 b5 62. Bxg7 Kd5 63. Bf8 Nc6 64. Bc5 Nxd4 65.
Bb6 Nc6 66. Bc7 Kc4 67. Bd6 b4+ 68. Ka4 b3 69. Ba3 Kc3 70. Kb5 b2 71. Ka4 b1=Q
72. Bb2+ Kxb2 0-1

[Event "V Trofeo Giovanni Pico"]
[Site "Mirandola ITA"]
[Date "2012.01.15"]
[Round "4"]
[White "Mangili, Davide"]
[Black "Guaragno, Michele"]
[Result "0-1"]
[WhiteElo "1846"]
[BlackElo "1956"]
[PlyCount "120"]
[EventDate "2012.01.13"]

1. d4 d5 2. Nf3 Nf6 3. Bf4 Bf5 4. Nbd2 h6 5. e3 e6 6. c4 Bd6 7. Be5 Bxe5 8.
Nxe5 O-O 9. Qb3 dxc4 10. Bxc4 Qc8 11. O-O Nbd7 12. Ndf3 Nb6 13. Bb5 c6 14. Rac1
Qd8 15. Bd3 Bxd3 16. Qxd3 Qd5 17. a3 Rfd8 18. b4 Nbd7 19. Nc4 Rab8 20. Na5 Ne4
21. Nd2 Ndf6 22. f3 Nxd2 23. Qxd2 Rd7 24. Qe2 Qf5 25. Rc5 Qg6 26. Nc4 Rd5 27.
Ne5 Qh5 28. Qc2 Rbd8 29. Qa4 Rxc5 30. bxc5 Nd5 31. Re1 f6 32. Nc4 a6 33. Nd6
Rb8 34. Qb3 Qg6 35. Re2 Qg5 36. f4 Qg6 37. Rf2 Kh7 38. e4 Nc7 39. Qb6 Nb5 40.
Nxb5 axb5 41. Qc7 Qe8 42. Rf3 Qf8 43. e5 Qd8 44. Qd6 Qe8 45. exf6 gxf6 46. Rg3
Rd8 47. Qc7+ Rd7 48. Qa5 Rxd4 49. Qc7+ Rd7 50. Qa5 Rd1+ 51. Kf2 Qd7 52. Ke2 Rd4
53. Qa8 Rd2+ 54. Kf1 Rd1+ 55. Kf2 Qd2+ 56. Kf3 Rf1+ 57. Kg4 Qe2+ 58. Rf3 Qxg2+
59. Rg3 f5+ 60. Kh4 Rxf4+ 0-1

[Event "V Trofeo Giovanni Pico"]
[Site "Mirandola ITA"]
[Date "2012.01.15"]
[Round "4"]
[White "Moi, Roberto"]
[Black "Medici, Simone"]
[Result "0-1"]
[WhiteElo "1931"]
[BlackElo "2122"]
[PlyCount "54"]
[EventDate "2012.01.13"]

1. d4 d5 2. c4 c6 3. Nf3 Nf6 4. Nc3 g6 5. e3 Bg7 6. cxd5 cxd5 7. Qa4+ Nc6 8.
Ne5 Bd7 9. Nxd7 Qxd7 10. Bd3 O-O 11. O-O a6 12. a3 b5 13. Qd1 e5 14. dxe5 Nxe5
15. Be2 Rfd8 16. Bf3 Rac8 17. Qe2 Qf5 18. Rd1 Nc4 19. g3 h5 20. h4 Ne4 21. Bxe4
dxe4 22. Qc2 Qf3 23. Bd2 Nxb2 24. Qxb2 Bxc3 25. Bxc3 Rxd1+ 26. Rxd1 Qxd1+ 27.
Kh2 Kh7 0-1

[Event "V Trofeo Giovanni Pico"]
[Site "Mirandola ITA"]
[Date "2012.01.15"]
[Round "4"]
[White "Negro, Raffaele"]
[Black "Traversi, Carlo"]
[Result "1-0"]
[WhiteElo "1843"]
[BlackElo "1629"]
[PlyCount "51"]
[EventDate "2012.01.13"]

1. d4 Nf6 2. Bf4 d5 3. e3 e6 4. Nf3 Bd6 5. Ne5 Nc6 6. Nd2 Ne7 7. Bd3 Ng6 8. Bg3
Bd7 9. c3 a6 10. Qe2 Ba4 11. O-O O-O 12. f4 Bd7 13. Rf2 Ne7 14. h3 Nf5 15. Bh2
h5 16. g4 hxg4 17. hxg4 Ne7 18. Bg3 g6 19. Bh4 Kg7 20. Rh2 Bc6 21. Rf1 Rh8 22.
Kf2 Qe8 23. Rfh1 Nh7 24. Bxe7 Qxe7 25. g5 f6 26. Nxg6 1-0

[Event "V Trofeo Giovanni Pico"]
[Site "Mirandola ITA"]
[Date "2012.01.15"]
[Round "4"]
[White "Niccoli, Paolo"]
[Black "Ferraguti, Francesco"]
[Result "0-1"]
[WhiteElo "1986"]
[BlackElo "1870"]
[PlyCount "106"]
[EventDate "2012.01.13"]

1. e4 e5 2. Nf3 Nf6 3. Nxe5 d6 4. Nf3 Nxe4 5. Nc3 Nxc3 6. dxc3 Be7 7. Be3 Nc6
8. Qd2 Be6 9. O-O-O Ne5 10. Nxe5 dxe5 11. Qe1 Bd6 12. Kb1 Qd7 13. f4 exf4 14.
Bxf4 Qa4 15. Bxd6 Qxa2+ 16. Kc1 O-O-O 17. Rd4 Qa1+ 18. Kd2 Qxe1+ 19. Kxe1 Rxd6
20. Rxd6 cxd6 21. Bd3 Re8 22. Kd2 a6 23. Rf1 g6 24. h4 Kd7 25. h5 Ke7 26. b4
Bd5 27. g4 Be6 28. hxg6 hxg6 29. g5 Rh8 30. Rf2 Rh4 31. Be2 d5 32. Bf3 Kd6 33.
Ke3 Ke5 34. Rd2 Rh3 35. Re2 Rg3 36. c4 Rxg5 37. cxd5 Bxd5 38. Kf2+ Kd6 39. Rd2
Rf5 40. Ke2 Rxf3 41. c4 Rf5 42. Ke3 Re5+ 43. Kf2 Rh5 44. Kg3 Ke6 45. Re2+ Re5
46. cxd5+ Kxd5 47. Rc2 Ke6 48. Kf4 Rb5 49. Re2+ Kf6 50. Re4 g5+ 51. Kg4 Kg6 52.
Rc4 Rf5 53. Kg3 Rf4 0-1

[Event "V Trofeo Giovanni Pico"]
[Site "Mirandola ITA"]
[Date "2012.01.15"]
[Round "4"]
[White "Ollari, Luca"]
[Black "Sasdelli, Massimo"]
[Result "0-1"]
[WhiteElo "1697"]
[BlackElo "1840"]
[PlyCount "130"]
[EventDate "2012.01.13"]

1. e4 e5 2. Nf3 Nc6 3. Bb5 a6 4. Bxc6 dxc6 5. O-O f6 6. d4 Bg4 7. dxe5 Qxd1 8.
Rxd1 fxe5 9. Rd3 Bd6 10. Bg5 Nf6 11. Nbd2 O-O-O 12. Nc4 Rhe8 13. Rad1 Bxf3 14.
gxf3 Re6 15. f4 Rf8 16. Bxf6 Rexf6 17. fxe5 Rg6+ 18. Kh1 Be7 19. f3 b5 20. Na5
Bb4 21. Nb3 Kb7 22. a3 Be7 23. Nd4 c5 24. Nf5 Bg5 25. Rg1 Bf4 26. Rxg6 hxg6 27.
Nxg7 Bxe5 28. Ne6 Rh8 29. f4 Bxb2 30. Nxc5+ Kb6 31. Ne6 Re8 32. f5 gxf5 33.
exf5 Be5 34. Rf3 Rh8 35. h3 Bf6 36. Kg2 Rh4 37. Nf4 Kb7 38. Kg3 Rh7 39. Ng6 Rd7
40. Rd3 Rxd3+ 41. cxd3 a5 42. h4 b4 43. axb4 a4 44. Nf4 a3 45. Nd5 a2 46. Nxf6
a1=Q 47. Ne4 Qe1+ 48. Kf4 Qxh4+ 49. Ke5 Qe7+ 50. Kf4 Qh4+ 51. Ke5 Qe7+ 52. Kf4
Qxb4 53. f6 Qe1 54. Ke5 Qa1+ 55. Ke6 Qa2+ 56. Ke7 Qa3+ 57. Ke6 Kc6 58. d4 Qb3+
59. Ke5 Qd5+ 60. Kf4 Qxd4 61. Kf5 Qd5+ 62. Kf4 Qe6 63. Kf3 Kd5 64. Nc3+ Ke5 65.
Ne4 Qf5+ 0-1

[Event "V Trofeo Giovanni Pico"]
[Site "Mirandola ITA"]
[Date "2012.01.15"]
[Round "4"]
[White "Paoli, Walter"]
[Black "Tazzioli, Luca"]
[Result "1-0"]
[WhiteElo "2058"]
[BlackElo "1873"]
[PlyCount "101"]
[EventDate "2012.01.13"]

1. e4 d5 2. exd5 Qxd5 3. Nc3 Qa5 4. Nf3 Nf6 5. Bc4 Bf5 6. d3 c6 7. Qe2 Qc7 8.
Nd4 Bg6 9. g3 e6 10. Bf4 Qd8 11. Nf3 Bd6 12. Bd2 Nbd7 13. O-O-O b5 14. Bb3 a5
15. a4 b4 16. Ne4 Nxe4 17. dxe4 Nc5 18. Bf4 Bxf4+ 19. gxf4 Nxb3+ 20. cxb3 Qc7
21. Ne5 O-O 22. Rd7 Qb6 23. Nc4 Qb8 24. Qe3 Rd8 25. Rhd1 Rxd7 26. Rxd7 c5 27.
e5 Qc8 28. Qd2 h6 29. Qd6 Kh7 30. Rc7 Qd8 31. Qxd8 Rxd8 32. Nd6 f6 33. exf6
Rxd6 34. Rxg7+ Kh8 35. Rxg6 Kh7 36. f7 Rd8 37. Rxe6 Rf8 38. Rf6 Kg7 39. Rf5 Kg6
40. Rxc5 Rxf7 41. f5+ Rxf5 42. Rxf5 Kxf5 43. Kd2 Kg4 44. Ke3 h5 45. f4 h4 46.
Ke4 Kh3 47. f5 Kxh2 48. f6 h3 49. f7 Kg1 50. f8=Q h2 51. Ke3 1-0

[Event "V Trofeo Giovanni Pico"]
[Site "Mirandola ITA"]
[Date "2012.01.15"]
[Round "4"]
[White "Pomante, Sergio"]
[Black "Cocuzzi, Edoardo"]
[Result "1/2-1/2"]
[WhiteElo "1642"]
[BlackElo "1971"]
[PlyCount "64"]
[EventDate "2012.01.13"]

1. e4 e5 2. Nf3 Nc6 3. Bb5 a6 4. Ba4 b5 5. Bb3 Bc5 6. O-O d6 7. h3 Na5 8. c3
Nxb3 9. axb3 Bb7 10. d4 exd4 11. cxd4 Bb6 12. Re1 Ne7 13. Bg5 f6 14. Bh4 O-O
15. Nc3 Qd7 16. b4 Rae8 17. Bg3 Nc6 18. Rc1 Kh8 19. Nd5 Ba7 20. Nxc7 Qxc7 21.
d5 Qd7 22. dxc6 Bxc6 23. Qc2 Rc8 24. Qd3 Bb8 25. Rcd1 Rfe8 26. Nd4 g6 27. Nxc6
Rxc6 28. e5 fxe5 29. Bxe5+ Kg8 30. Qd5+ Kf8 31. Qf3+ Kg8 32. Qd5+ Kf8 1/2-1/2

[Event "V Trofeo Giovanni Pico"]
[Site "Mirandola ITA"]
[Date "2012.01.15"]
[Round "4"]
[White "Sacchetti, Andrea"]
[Black "Ombasic, Dzemil"]
[Result "1/2-1/2"]
[WhiteElo "1873"]
[BlackElo "1685"]
[PlyCount "34"]
[EventDate "2012.01.13"]

1. d4 d5 2. c4 Bf5 3. Qb3 e5 4. dxe5 Nc6 5. Nf3 Nb4 6. Na3 a5 7. Bg5 Be7 8.
Bxe7 Nxe7 9. e3 O-O 10. Be2 c6 11. O-O Qc7 12. Rab1 Be4 13. Rfd1 Bxf3 14. Bxf3
Qxe5 15. cxd5 Nexd5 16. Nc4 Qe7 17. a3 a4 1/2-1/2

[Event "V Trofeo Giovanni Pico"]
[Site "Mirandola ITA"]
[Date "2012.01.15"]
[Round "4"]
[White "Sagripanti, Michele"]
[Black "Campini, Marco"]
[Result "1/2-1/2"]
[WhiteElo "1987"]
[BlackElo "2092"]
[PlyCount "36"]
[EventDate "2012.01.13"]

1. e4 g6 2. d4 Bg7 3. Nf3 d6 4. Nc3 Nf6 5. h3 O-O 6. Be3 c6 7. a4 a5 8. Be2 Qc7
9. O-O e5 10. dxe5 dxe5 11. Bc4 b6 12. Qe2 Na6 13. Rad1 Nh5 14. Qd2 Nb4 15. Qd6
Qb8 16. Ng5 Ba6 17. Qxb8 Raxb8 18. Bxa6 Nxa6 1/2-1/2

[Event "V Trofeo Giovanni Pico"]
[Site "Mirandola ITA"]
[Date "2012.01.15"]
[Round "4"]
[White "Setti, Roberto"]
[Black "Balzano, Filli"]
[Result "1-0"]
[WhiteElo "1957"]
[BlackElo "1865"]
[PlyCount "91"]
[EventDate "2012.01.13"]

1. a3 d5 2. Nf3 Nf6 3. d4 c6 4. c3 Bf5 5. Nbd2 Nbd7 6. Nh4 Bg6 7. Nxg6 hxg6 8.
Qc2 Qc7 9. g3 e5 10. Bg2 e4 11. c4 Bd6 12. cxd5 cxd5 13. Qxc7 Bxc7 14. O-O O-O
15. Nb1 Rac8 16. Nc3 Bb6 17. Rd1 Rc4 18. e3 Ba5 19. Bf1 Rcc8 20. Bd2 Bxc3 21.
Bxc3 Nb6 22. Bb4 Rfd8 23. Rdc1 Nc4 24. Bh3 Ra8 25. b3 a5 26. Be7 Re8 27. Bxf6
Nd2 28. Be5 Nxb3 29. Rab1 Nxc1 30. Rxc1 Ra6 31. Bd7 Rf8 32. Bb5 Re6 33. g4 b6
34. Rc7 f6 35. Bg3 Rf7 36. Bd7 Ree7 37. Rc8+ Kh7 38. Bc6 Ra7 39. a4 f5 40. Bxd5
Rfd7 41. Be6 Re7 42. gxf5 gxf5 43. Bxf5+ g6 44. Bg4 Rab7 45. Be5 g5 46. Bf5+
1-0

[Event "V Trofeo Giovanni Pico"]
[Site "Mirandola ITA"]
[Date "2012.01.15"]
[Round "4"]
[White "Varzi, Florian"]
[Black "Di Trapani, Luigi"]
[Result "1-0"]
[WhiteElo "1730"]
[BlackElo "1556"]
[PlyCount "111"]
[EventDate "2012.01.13"]

1. d4 d5 2. c4 c6 3. cxd5 cxd5 4. Nc3 e6 5. Bf4 Bd6 6. Bg3 Nf6 7. e3 O-O 8. Nf3
a6 9. a3 b5 10. b4 Qe7 11. Nd2 Nbd7 12. Bd3 Bb7 13. Nb3 e5 14. dxe5 Bxe5 15.
Bxe5 Nxe5 16. Nd4 Rac8 17. Rc1 Nxd3+ 18. Qxd3 Rc4 19. O-O Rfc8 20. f3 Nd7 21.
Rc2 Ne5 22. Qd2 R8c7 23. Rfc1 g6 24. Nb3 Rd7 25. Ne2 Rxc2 26. Qxc2 Nc4 27. Qd3
Nxe3 28. Nc5 Rc7 29. Nxb7 Rxb7 30. Rc8+ Kg7 31. Qd4+ f6 32. Kf2 Qd7 33. Qc5 Qe7
34. Qxe3 Qxe3+ 35. Kxe3 Rd7 36. Nd4 Re7+ 37. Kd2 f5 38. Rc6 Ra7 39. Ne6+ Kh6
40. Nc5 a5 41. Ra6 Rxa6 42. Nxa6 axb4 43. axb4 Kg5 44. Nc7 Kf6 45. Nxd5+ Ke5
46. Nc7 Kd4 47. Nxb5+ Kc4 48. Nc7 Kxb4 49. Ke3 Kc4 50. Kf4 Kd3 51. Ne6 Ke2 52.
Nf8 Kf2 53. g4 Kg2 54. Nxh7 fxg4 55. fxg4 Kxh2 56. Nf8 1-0

[Event "V Trofeo Giovanni Pico"]
[Site "Mirandola ITA"]
[Date "2012.01.15"]
[Round "4"]
[White "Vincenzi, Marco"]
[Black "Modena, Giorgio"]
[Result "1-0"]
[WhiteElo "2121"]
[BlackElo "1932"]
[PlyCount "73"]
[EventDate "2012.01.13"]

1. e4 e6 2. Nf3 d5 3. e5 c5 4. b4 c4 5. a3 a5 6. b5 a4 7. d3 Qa5+ 8. Bd2 Qxb5
9. Nc3 Qa6 10. Be2 Bd7 11. O-O Nc6 12. dxc4 dxc4 13. Ne4 f5 14. Neg5 h6 15. Nh3
g5 16. Nfxg5 hxg5 17. Bxg5 Be7 18. Bh5+ Kd8 19. Re1 Kc7 20. Bxe7 Ncxe7 21. Ng5
Nd5 22. Nf7 Rh7 23. Nd6 Nge7 24. Bf3 Rah8 25. Rb1 Rxh2 26. g3 Bc6 27. Qd4 b5
28. Qc5 Nc3 29. Nxb5+ Nxb5 30. Qxe7+ Kb6 31. Bxc6 Kxc6 32. Qxe6+ Kb7 33. Qd7+
Ka8 34. Qd5+ Ka7 35. Rxb5 Rh1+ 36. Kg2 Rxe1 37. Ra5 1-0

[Event "V Trofeo Giovanni Pico"]
[Site "Mirandola ITA"]
[Date "2012.01.15"]
[Round "4"]
[White "Zuccaro, Guido"]
[Black "Wang, Cesare"]
[Result "0-1"]
[WhiteElo "1769"]
[BlackElo "1674"]
[PlyCount "96"]
[EventDate "2012.01.13"]

1. c4 c6 2. Nc3 Nf6 3. d4 d5 4. Nf3 a6 5. e3 b5 6. cxd5 cxd5 7. Bd3 Bg4 8. O-O
e6 9. Bd2 Bd6 10. Rc1 O-O 11. e4 b4 12. e5 bxc3 13. Bxc3 Be7 14. exf6 Bxf6 15.
Be2 Nd7 16. Nd2 Bxe2 17. Qxe2 Qb6 18. Qd3 Rfc8 19. f4 Rc6 20. Kh1 Rac8 21. Rce1
a5 22. Nf3 a4 23. a3 Qa6 24. Qd2 Nb6 25. Ne5 Bxe5 26. fxe5 Nc4 27. Qf2 Qb7 28.
Bb4 Nb6 29. Re2 Rc1 30. Bc3 Rxf1+ 31. Qxf1 Nc4 32. Qe1 Qb3 33. h3 Nxa3 34. bxa3
Qxc3 35. Qxc3 Rxc3 36. Rb2 g6 37. Rb4 Rxa3 38. Kh2 Ra1 39. Kg3 a3 40. Ra4 Kg7
41. Ra7 a2 42. Ra4 Rd1 43. Rxa2 Rxd4 44. Re2 f6 45. Kf3 f5 46. g4 Re4 47. gxf5
exf5 48. e6 Rxe2 0-1

[Event "V Trofeo Giovanni Pico"]
[Site "Mirandola ITA"]
[Date "2012.01.15"]
[Round "5"]
[White "Castellari, Claudio"]
[Black "De Simone Sorrentino, Fabio"]
[Result "1-0"]
[WhiteElo "1540"]
[BlackElo "1701"]
[PlyCount "71"]
[EventDate "2012.01.13"]

1. d4 d5 2. c4 e6 3. Nc3 Nf6 4. Nf3 c6 5. Bd2 Bd6 6. c5 Bc7 7. e3 O-O 8. Bd3
Nbd7 9. b4 e5 10. dxe5 Nxe5 11. Nxe5 Bxe5 12. Rc1 a6 13. O-O Ng4 14. h3 Qh4 15.
Be1 Qh6 16. Bd2 g5 17. f4 gxf4 18. exf4 Bd4+ 19. Kh1 Nf2+ 20. Rxf2 Bxf2 21. Qe2
Qh4 22. Rf1 Bd4 23. Be1 Qf6 24. Qc2 Qh6 25. Rf3 Kh8 26. Ne2 Re8 27. Rg3 Re3 28.
Bc3 Rxg3 29. Bxd4+ Rg7 30. Bxg7+ Kxg7 31. Qc3+ f6 32. Qe1 Bxh3 33. Qg3+ Bg4+
34. Kg1 Qh5 35. f5 Rf8 36. Nf4 1-0

[Event "V Trofeo Giovanni Pico"]
[Site "Mirandola ITA"]
[Date "2012.01.15"]
[Round "5"]
[White "Cocuzzi, Edoardo"]
[Black "Jimchi, Abdelaziz"]
[Result "1-0"]
[WhiteElo "1971"]
[BlackElo "1821"]
[PlyCount "113"]
[EventDate "2012.01.13"]

1. e4 d5 2. exd5 Qxd5 3. Nc3 Qd6 4. Bc4 Nf6 5. d3 a6 6. a3 b5 7. Qf3 Qc6 8.
Qxc6+ Nxc6 9. Bd5 Bb7 10. Nge2 e6 11. Bf3 Rd8 12. O-O Be7 13. Bd2 O-O 14. Na2
Nd5 15. Bb4 Ba8 16. Bxd5 exd5 17. Bxe7 Nxe7 18. Nd4 c5 19. Rfe1 Rfe8 20. Nb3 c4
21. Nc5 a5 22. Nc3 Bc6 23. a4 b4 24. Nb5 Nf5 25. dxc4 dxc4 26. c3 bxc3 27. bxc3
Nh4 28. f3 Rxe1+ 29. Rxe1 Rd2 30. Na7 Rxg2+ 31. Kf1 Rxh2 32. Nxc6 g6 33. Nxa5
Nxf3 34. Re2 Nd2+ 35. Ke1 Nf3+ 36. Kd1 Rh1+ 37. Kc2 Ne1+ 38. Kb2 Nd3+ 39. Nxd3
cxd3 40. Rd2 Rh5 41. Nc4 Rd5 42. Kb3 f5 43. Nb2 f4 44. Rxd3 Rf5 45. Rf3 g5 46.
Nd3 h5 47. c4 Kf7 48. c5 Ke6 49. Kc4 Rf8 50. a5 Kf5 51. c6 Ke4 52. Rh3 f3 53.
Rxh5 f2 54. Nxf2+ Rxf2 55. Rxg5 Rc2+ 56. Kb5 Kd4 57. Kb6 1-0

[Event "V Trofeo Giovanni Pico"]
[Site "Mirandola ITA"]
[Date "2012.01.15"]
[Round "5"]
[White "Di Trapani, Davide"]
[Black "Setti, Roberto"]
[Result "1-0"]
[WhiteElo "2069"]
[BlackElo "1957"]
[PlyCount "63"]
[EventDate "2012.01.13"]

1. e4 c6 2. d4 d5 3. exd5 cxd5 4. Bd3 Nc6 5. c3 Nf6 6. Bf4 Bg4 7. Qb3 Qd7 8.
Nd2 e6 9. Ngf3 Bd6 10. Bxd6 Qxd6 11. O-O O-O 12. Rae1 Qc7 13. Ne5 Nxe5 14. dxe5
Nd7 15. Qb4 Bh5 16. Qh4 Bg6 17. Bxg6 fxg6 18. Nf3 Rae8 19. Nd4 Qb6 20. Re3 h6
21. Qg4 g5 22. h4 Rf4 23. Qh5 Qd8 24. hxg5 hxg5 25. g3 Re4 26. Nf3 Rxe3 27.
fxe3 Rf8 28. Nxg5 Rxf1+ 29. Kxf1 Qf8+ 30. Kg2 Qf5 31. g4 Qc2+ 32. Kg3 1-0

[Event "V Trofeo Giovanni Pico"]
[Site "Mirandola ITA"]
[Date "2012.01.15"]
[Round "5"]
[White "Di Trapani, Luigi"]
[Black "Gualtieri, Primo"]
[Result "0-1"]
[WhiteElo "1556"]
[BlackElo "1629"]
[PlyCount "70"]
[EventDate "2012.01.13"]

1. d4 d5 2. Nf3 Nf6 3. e3 Bf5 4. Bd3 e6 5. O-O Nbd7 6. b3 Ne4 7. c4 c6 8. Bb2
Bd6 9. c5 Bc7 10. b4 Ndf6 11. h3 O-O 12. Nh4 Bg6 13. Nxg6 fxg6 14. Nd2 Ng5 15.
f4 Nfe4 16. fxg5 Qxg5 17. Rf3 Nxd2 18. Rxf8+ Rxf8 19. Qg4 Qxe3+ 20. Kh1 Qxd3
21. Rg1 Qf1 22. Qxe6+ Kh8 23. Qe8 Rxe8 24. Rxf1 Kg8 25. Rd1 Bg3 26. Bc3 Re1+
27. Rxe1 Bxe1 28. Bxd2 Bxd2 29. a3 Kf7 30. g4 Bc3 31. Kg2 Kf6 32. Kf3 Bxd4 33.
a4 Bxc5 34. bxc5 Ke5 35. Ke3 d4+ 0-1

[Event "V Trofeo Giovanni Pico"]
[Site "Mirandola ITA"]
[Date "2012.01.15"]
[Round "5"]
[White "Dobboletta, Alex"]
[Black "Vincenzi, Marco"]
[Result "0-1"]
[WhiteElo "1986"]
[BlackElo "2121"]
[PlyCount "142"]
[EventDate "2012.01.13"]

1. e4 e5 2. Nf3 Nc6 3. Bb5 a6 4. Ba4 Nf6 5. d3 Bc5 6. O-O d6 7. c3 b5 8. Bc2
Bg4 9. Nbd2 O-O 10. h3 Bh5 11. Re1 d5 12. Nf1 dxe4 13. dxe4 Qxd1 14. Rxd1 Bxf3
15. gxf3 Nd8 16. Ng3 Ne6 17. Be3 Rfd8 18. Rxd8+ Rxd8 19. Rd1 Rxd1+ 20. Bxd1 g6
21. Bh6 Bd6 22. Be3 Nd7 23. Kf1 Kf8 24. Bb3 Ke7 25. Ne2 Ndc5 26. Bxc5 Nxc5 27.
Bc2 Nd7 28. Nc1 c5 29. Nd3 c4 30. Ne1 Nc5 31. Ng2 Ne6 32. Ne3 Nf4 33. Nd5+ Nxd5
34. exd5 f5 35. b3 Bc7 36. h4 Ba5 37. b4 Bd8 38. h5 Kd6 39. hxg6 hxg6 40. a4
Kxd5 41. axb5 axb5 42. Ke2 Bg5 43. Bb1 Ke6 44. Bc2 Bf6 45. Kd2 Bd8 46. Ke2 Bb6
47. Bb1 Kf6 48. Bc2 Kg5 49. Bd1 Kf4 50. Bc2 Kg5 51. Bd1 Kh4 52. Kf1 Kh3 53. Be2
Kh4 54. Bd1 Kg5 55. Ke2 Kf4 56. Bc2 Bd4 57. cxd4 exd4 58. Bd1 Ke5 59. Kd2 Kd5
60. Be2 d3 61. Bd1 Kd4 62. f4 c3+ 63. Kc1 Kc4 64. Bf3 Kxb4 65. Bd5 Kc5 66. Bf7
Kd4 67. Bxg6 Ke4 68. Bh5 b4 69. Bd1 Kxf4 70. Bh5 b3 71. Bd1 b2+ 0-1

[Event "V Trofeo Giovanni Pico"]
[Site "Mirandola ITA"]
[Date "2012.01.15"]
[Round "5"]
[White "Ferraguti, Francesco"]
[Black "Paoli, Walter"]
[Result "1/2-1/2"]
[WhiteElo "1870"]
[BlackElo "2058"]
[PlyCount "66"]
[EventDate "2012.01.13"]

1. f4 d5 2. d4 Nf6 3. Nf3 e6 4. e3 c5 5. c4 Nc6 6. Ne5 Nxe5 7. dxe5 Ne4 8. g3
Qa5+ 9. Bd2 Nxd2 10. Qxd2 Qxd2+ 11. Nxd2 dxc4 12. Nxc4 Bd7 13. Bg2 O-O-O 14.
O-O-O b6 15. Rd2 Be7 16. Rhd1 Ba4 17. b3 Rxd2 18. Rxd2 Bb5 19. a4 Bd7 20. Kc2
Rd8 21. Nd6+ Bxd6 22. exd6 e5 23. fxe5 Re8 24. Rf2 Rxe5 25. Rxf7 Rxe3 26. Bb7+
Kxb7 27. Rxd7+ Kc6 28. Rxg7 Re2+ 29. Kd3 Rxh2 30. d7 Kc7 31. Kc4 a6 32. a5 bxa5
33. Kxc5 Rc2+ 1/2-1/2

[Event "V Trofeo Giovanni Pico"]
[Site "Mirandola ITA"]
[Date "2012.01.15"]
[Round "5"]
[White "Ferronato, Christian"]
[Black "Marani, Luca"]
[Result "0-1"]
[WhiteElo "1386"]
[BlackElo "1835"]
[PlyCount "42"]
[EventDate "2012.01.13"]

1. e4 e5 2. Nf3 Nc6 3. Bb5 Bc5 4. O-O Nf6 5. c3 Nxe4 6. Bxc6 dxc6 7. d3 Nxf2 8.
Rxf2 Bxf2+ 9. Kxf2 e4 10. Nbd2 Qxd3 11. Qe2 Qxe2+ 12. Kxe2 exf3+ 13. Nxf3 Bg4
14. Bf4 O-O-O 15. Rd1 Rhe8+ 16. Be3 Rxd1 17. Kxd1 Rxe3 18. Kd2 Re7 19. h3 Bxf3
20. gxf3 Kd7 21. Kd3 Re6 0-1

[Event "V Trofeo Giovanni Pico"]
[Site "Mirandola ITA"]
[Date "2012.01.15"]
[Round "5"]
[White "Gilevych, Artem"]
[Black "Sagripanti, Michele"]
[Result "1-0"]
[WhiteElo "2279"]
[BlackElo "1987"]
[PlyCount "93"]
[EventDate "2012.01.13"]

1. Nf3 Nf6 2. c4 e6 3. g3 d5 4. Bg2 c5 5. O-O Nc6 6. cxd5 exd5 7. d4 Be6 8. Nc3
Be7 9. dxc5 Bxc5 10. Na4 Be7 11. Be3 b6 12. Rc1 Rc8 13. Nd4 Nxd4 14. Qxd4 O-O
15. Rfd1 Rxc1 16. Bxc1 Qd7 17. b3 Rc8 18. Bb2 Rd8 19. Qf4 Qd6 20. Be5 Qb4 21.
Qc1 Rc8 22. Qb2 Rd8 23. Qa1 Qb5 24. Nc3 Qb4 25. Na4 Qb5 26. Bf3 Qb4 27. Nb2 Qa5
28. Nd3 Rc8 29. Qb2 Ba3 30. Qd4 Bc5 31. Qa1 Be7 32. a4 Rc2 33. Qb1 Rc8 34. Nf4
Rd8 35. Qd3 Nd7 36. Bd4 Bf6 37. Nh5 Bxd4 38. Qxd4 f6 39. Nf4 Nf8 40. e4 Bf7 41.
exd5 Qc5 42. Qxc5 bxc5 43. Nd3 Nd7 44. Rc1 Nb6 45. Nxc5 Bxd5 46. Rd1 Kf7 47. a5
1-0